[Event "Biella Vercelli Province-ch"]
[Site "Biella"]
[Date "2014.03.15"]
[Round "3"]
[White "Isoardi, Luigi"]
[Black "Palma, Maria"]
[Result "0-1"]
[WhiteElo "1758"]
[BlackElo "1709"]
[PlyCount "82"]
[EventDate "2014.03.14"]
[EventType "swiss"]
[EventRounds "5"]
[EventCountry "ITA"]
[SourceTitle "EXT 2015"]
[Source "ChessBase"]
[SourceDate "2014.11.20"]
[SourceVersion "1"]
[SourceVersionDate "2014.11.20"]
[SourceQuality "1"]

1. d4 d5 2. Nf3 Nf6 3. Bf4 c5 4. e3 e6 5. Bb5+ Bd7 6. Bxd7+ Nbxd7 7. c3 Be7 8. h3 Ne4 9. 0-0 0-0 10. Nbd2 Ndf6 11. Qc2 Rc8 12. dxc5 Bxc5 13. Rad1 b5 14. Nxe4 Nxe4 15. Nd2 Nd6 16. Nb3 b4 17. Nxc5 Rxc5 18. Rd3 Nb5 19. Qb3 bxc3 20. bxc3 Qa5 21. Qb4 Qxb4 22. cxb4 Rc4 23. a4 Nc3 24. a5 Ne2+ 25. Kh2 Nxf4 26. exf4 Rxb4 27. f5 Rb5 28. fxe6 fxe6 29. Re1 Rf6 30. Ra3 d4 31. f4 Kf7 32. Re4 Rd5 33. Ra4 d3 34. Red4 Rff5 35. g4 Rxd4 36. Rxd4 Rd5 37. Rb4 d2 38. Rb7+ Kg6 39. f5+ exf5 40. gxf5+ Kf6 41. Rxa7 d1Q 0-1

[Event "Biella Vercelli Province-ch"]
[Site "Biella"]
[Date "2014.03.15"]
[Round "2"]
[White "Migliorini, Matteo"]
[Black "Isoardi, Luigi"]
[Result "1-0"]
[WhiteElo "2099"]
[BlackElo "1758"]
[PlyCount "109"]
[EventDate "2014.03.14"]
[EventType "swiss"]
[EventRounds "5"]
[EventCountry "ITA"]
[SourceTitle "EXT 2015"]
[Source "ChessBase"]
[SourceDate "2014.11.20"]
[SourceVersion "1"]
[SourceVersionDate "2014.11.20"]
[SourceQuality "1"]

1. e4 c5 2. d4 cxd4 3. c3 Nc6 4. cxd4 e6 5. d5 Bb4+ 6. Nc3 exd5 7. exd5 Qe7+ 8. Be2 Ne5 9. Nh3 Nf6 10. 0-0 0-0 11. a3 Bxc3 12. d6 Qe6 13. Nf4 Qf5 14. bxc3 b6 15. Nd5 Nc6 16. Bf3 Nxd5 17. Qxd5 Qc2 18. Bg5 Ba6 19. Be4 Qe2 20. Qf5 Qh5 21. Rfe1 Bc4 22. g4 Qg6 23. Qf4 f5 24. Bxc6 dxc6 25. Qxc4+ Kh8 26. Be7 b5 27. Qe2 Rfe8 28. f3 fxg4 29. fxg4 c5 30. Qe4 Qf7 31. d7 Rg8 32. d8Q Raxd8 33. Bxd8 Rxd8 34. Rad1 Rc8 35. Qe6 Qf8 36. Rf1 Qe8 37. Qxe8+ Rxe8 38. Rf5 h6 39. Rxc5 Re4 40. Rxb5 Rxg4+ 41. Kf2 Ra4 42. Rb3 Rh4 43. Kg3 Re4 44. Rd7 Re3+ 45. Kf2 Rh3 46. Kg2 Re3 47. Rxa7 h5 48. Rb8+ Kh7 49. Rbb7 Rxc3 50. Rxg7+ Kh6 51. Rgc7 Rd3 52. Rc6+ Kg5 53. Ra5+ Kh4 54. Rc4+ Rd4 55. Rxd4# 1-0

[Event "Robecchetto op-B 24th"]
[Site "Robecchetto"]
[Date "2013.12.30"]
[Round "6"]
[White "Isoardi, Luigi"]
[Black "D'Ambrosio, Luca"]
[Result "1-0"]
[WhiteElo "1747"]
[BlackElo "1862"]
[PlyCount "120"]
[EventDate "2013.12.27"]
[EventType "swiss"]
[EventRounds "6"]
[EventCountry "ITA"]
[SourceTitle "EXT 2015"]
[Source "ChessBase"]
[SourceDate "2014.11.20"]
[SourceVersion "1"]
[SourceVersionDate "2014.11.20"]
[SourceQuality "1"]

1. d4 d5 2. Nf3 Nf6 3. c4 c6 4. cxd5 cxd5 5. e3 e6 6. Bb5+ Bd7 7. Qa4 Bxb5 8. Qxb5+ Qd7 9. Nc3 a6 10. Qe2 Nc6 11. a3 Bd6 12. 0-0 b5 13. e4 dxe4 14. Nxe4 Nxe4 15. Qxe4 f5 16. Qh4 Be7 17. Bg5 Bxg5 18. Qxg5 0-0 19. Qe3 Rad8 20. Rfe1 Rfe8 21. Rad1 Qd5 22. h3 Rd6 23. Rd2 Red8 24. Qc3 Qc4 25. Rde2 Nxd4 26. Nxd4 Qxd4 27. Qb3 Qd5 28. Qg3 Qd3 29. Qxd3 Rxd3 30. Rxe6 R3d6 31. Re7 Kf8 32. Rc7 Rd1 33. Kf1 R8d2 34. Rxd1 Rxd1+ 35. Ke2 Rb1 36. Rc2 Ke7 37. Kd2 Rg1 38. g3 Rf1 39. Kc3 Re1 40. Kb4 Re6 41. Ka5 Kd7 42. b4 g6 43. Rc3 Rd6 44. f4 h6 45. g4 fxg4 46. hxg4 Rf6 47. g5 hxg5 48. fxg5 Rd6 49. Rf3 Ke7 50. Rh3 Ke6 51. Rf3 Ke5 52. Rf8 Re6 53. Ra8 Kf5 54. Rxa6 Re5 55. Rb6 Kxg5 56. Rxb5 Rxb5+ 57. Kxb5 Kf4 58. Kc6 g5 59. b5 g4 60. b6 g3 1-0

[Event "Robecchetto op-B 24th"]
[Site "Robecchetto"]
[Date "2013.12.29"]
[Round "5"]
[White "Biancotti, Alessandro"]
[Black "Isoardi, Luigi"]
[Result "1-0"]
[WhiteElo "1872"]
[BlackElo "1747"]
[PlyCount "49"]
[EventDate "2013.12.27"]
[EventType "swiss"]
[EventRounds "6"]
[EventCountry "ITA"]
[SourceTitle "EXT 2015"]
[Source "ChessBase"]
[SourceDate "2014.11.20"]
[SourceVersion "1"]
[SourceVersionDate "2014.11.20"]
[SourceQuality "1"]

1. e4 c5 2. b4 e6 3. bxc5 Bxc5 4. d4 Bb4+ 5. c3 Be7 6. Bd3 Nf6 7. e5 Nd5 8. Qg4 g6 9. Ne2 d6 10. f4 dxe5 11. fxe5 h5 12. Qf3 Bg5 13. 0-0 0-0 14. Ba3 Be7 15. Bxe7 Qxe7 16. Nd2 Qg5 17. Ne4 Qe3+ 18. Qxe3 Nxe3 19. Rf3 Nd5 20. Raf1 Nc6 21. Nd6 Nde7 22. Rxf7 Rxf7 23. Rxf7 Nf5 24. Bxf5 gxf5 25. Rc7 1-0

[Event "Biella Province-ch"]
[Site "Valle Mosso"]
[Date "2012.03.23"]
[Round "3"]
[White "Isoardi, Luigi"]
[Black "Lavino, Stefano"]
[Result "1-0"]
[WhiteElo "1808"]
[BlackElo "1677"]
[PlyCount "85"]
[EventDate "2012.03.02"]
[EventType "swiss"]
[EventRounds "5"]
[EventCountry "ITA"]
[SourceTitle "EXT 2024"]
[Source "ChessBase"]
[SourceDate "2023.10.10"]
[SourceVersion "1"]
[SourceVersionDate "2023.10.10"]
[SourceQuality "1"]

1. d4 Nf6 2. Nf3 d5 3. e3 e6 4. Bd3 c5 5. c3 Nc6 6. Nbd2 Bd6 7. e4 dxe4 8. Nxe4 Nxe4 9. Bxe4 Qc7 10. dxc5 Bxc5 11. 0-0 Bd7 12. Qe2 Bd6 13. Be3 Ne5 14. Nxe5 Bxe5 15. g3 0-0 16. Rfd1 Rad8 17. f4 Bd6 18. Bd4 Bc5 19. Bxh7+ Kxh7 20. Qh5+ Kg8 21. Qxc5 Qxc5 22. Bxc5 Rfe8 23. Bxa7 Bc6 24. Bb6 Ra8 25. Kf2 Rec8 26. Rd2 Bd5 27. a4 Kf8 28. a5 Rc6 29. Re1 Rc4 30. f5 Rac8 31. fxe6 Bxe6 32. Red1 g6 33. Rd8+ Rxd8 34. Rxd8+ Ke7 35. Rd4 Rc6 36. Ke3 Rc8 37. Rb4 Rc6 38. Bd4 Rc7 39. Rb6 Bd5 40. a6 bxa6 41. Rxa6 Kd7 42. Be5 Rb7 43. Rd6+ 1-0

[Event "Ivrea op 15th"]
[Site "Ivrea"]
[Date "2011.04.02"]
[Round "2"]
[White "Liviabella, Lucio"]
[Black "Isoardi, Luigi"]
[Result "0-1"]
[WhiteElo "1627"]
[BlackElo "1762"]
[PlyCount "164"]
[EventDate "2011.04.01"]
[EventType "swiss"]
[EventRounds "5"]
[EventCountry "ITA"]
[SourceTitle "EXT 2024"]
[Source "ChessBase"]
[SourceDate "2023.10.10"]
[SourceVersion "1"]
[SourceVersionDate "2023.10.10"]
[SourceQuality "1"]

1. e4 c6 2. Bc4 d5 3. exd5 cxd5 4. Bb3 Nf6 5. d3 e6 6. Nf3 Bd6 7. Bg5 Qa5+ 8. Nbd2 Nbd7 9. Qe2 0-0 10. 0-0 Qc7 11. Ba4 a6 12. Bxd7 Nxd7 13. c3 b5 14. d4 Bb7 15. g3 h6 16. Be3 Rfe8 17. Nh4 e5 18. Nf5 exd4 19. Qg4 g6 20. cxd4 Nf6 21. Nxh6+ Kf8 22. Qf3 Ne4 23. Nxe4 dxe4 24. Qf6 Re6 25. Qh8+ Ke7 26. Qh7 Rf8 27. Rac1 Qb8 28. Rc2 Qe8 29. Rfc1 Kd8 30. Bg5+ Kd7 31. Bf4 Bxf4 32. gxf4 Rc6 33. Ng4 Rxc2 34. Rxc2 Qe6 35. Ne5+ Kd6 36. Qg7 Qe7 37. Qh6 Rc8 38. Rxc8 Bxc8 39. Qg7 Be6 40. Qg8 Bxa2 41. Qc8 Qa7 42. Qd8+ Ke6 43. Qc8+ Kf6 44. Nd7+ Ke7 45. Nc5 Be6 46. Qxa6 Qxa6 47. Nxa6 Kd6 48. Nb4 f6 49. Kf1 Bc4+ 50. Ke1 Ke6 51. Kd2 f5 52. Ke3 Kd6 53. Nc2 Bb3 54. Ne1 Kd5 55. Ng2 Bd1 56. Kd2 Bf3 57. Nh4 Bh5 58. Kc3 b4+ 59. Kxb4 Kxd4 60. Ka5 Kd3 61. b4 Ke2 62. b5 Kxf2 63. b6 e3 64. b7 e2 65. b8Q e1Q+ 66. Qb4 Qxb4+ 67. Kxb4 Ke3 68. Ng2+ Kf3 69. Ne1+ Kxf4 70. Kc3 Ke3 71. Nd3 f4 72. Ne1 f3 73. Nc2+ Kf2 74. Kd3 Kg2 75. Ne1+ Kxh2 76. Ke3 Kg3 77. Nd3 g5 78. Nf2 g4 79. Nh1+ Kg2 80. Nf2 g3 81. Nd1 f2 82. Kd3 Bxd1 0-1